[Event "Ruhrgebiet VL1 0405"]
[Site "Ruhrgebiet"]
[Date "2005.02.20"]
[Round "7.8"]
[White "Neugebauer, Thomas"]
[Black "Goschin, Sebastian"]
[Result "0-1"]
[WhiteElo "1935"]
[BlackElo "1439"]
[PlyCount "132"]
[EventDate "2004.09.12"]
[EventType "team-tourn"]
[EventRounds "9"]
[EventCountry "GER"]
[SourceTitle "EXT 2006"]
[Source "ChessBase"]
[SourceDate "2005.11.24"]
[SourceVersion "1"]
[SourceVersionDate "2005.11.24"]
[SourceQuality "1"]
[WhiteTeam "Altenessen"]
[BlackTeam "Laeufer Ost"]
[WhiteTeamCountry "GER"]
[BlackTeamCountry "GER"]

1. e4 e5 2. Nf3 Nc6 3. Bb5 a6 4. Ba4 Nf6 5. 0-0 Be7 6. Re1 b5 7. Bb3 d6 8. c3 0-0 9. h3 Bb7 10. d4 Na5 11. Bc2 Nd7 12. Nbd2 exd4 13. Nxd4 g6 14. Nf1 Re8 15. f4 Bf6 16. Nf3 Nc4 17. Ng3 Bh4 18. Nxh4 Qxh4 19. Kh2 Ncb6 20. b3 Re7 21. Bd2 Rae8 22. f5 Nc5 23. fxg6 hxg6 24. Qc1 Ne6 25. e5 d5 26. Rf1 Rd7 27. Be3 d4 28. cxd4 Nd5 29. Ne4 Kg7 30. g3 Qe7 31. Bd2 c5 32. dxc5 Nd4 33. Nf6 Qxe5 34. Nxe8+ Qxe8 35. Bd3 Nc7 36. Bc3 f6 37. Qf4 Qe5 38. Qxe5 fxe5 39. Bxd4 Rxd4 40. Be2 Rd2 41. Rf2 Bd5 42. Kg1 e4 43. Bg4 Rd3 44. Kh2 Rc3 45. Rd1 a5 46. Rfd2 Rxc5 47. h4 Kf6 48. Be2 Ke5 49. Rb2 Rc3 50. h5 gxh5 51. Bxh5 Kf5 52. Be2 Ke5 53. Rbd2 Rc5 54. Rf1 Be6 55. g4 Nd5 56. Kg3 Rc3+ 57. Kh2 Ne3 58. Rg1 Kf4 59. g5 Ng4+ 60. Bxg4 Bxg4 61. Rf1+ Kxg5 62. Rd5+ Kh4 63. Re5 Rc2+ 64. Kg1 Bf3 65. Rxe4+ Bxe4 66. Re1 Kg3 0-1

[Event "Ruhrgebiet-ch U16"]
[Site "Muelheim"]
[Date "2003.04.14"]
[Round "4"]
[White "Goschin, Sebastian"]
[Black "Butschek, Tanja"]
[Result "0-1"]
[WhiteElo "1325"]
[BlackElo "1713"]
[PlyCount "100"]
[EventDate "2003.04.??"]
[EventType "swiss"]
[EventRounds "7"]
[EventCountry "GER"]
[SourceTitle "EXT 2005"]
[Source "ChessBase"]
[SourceDate "2004.11.15"]
[SourceVersion "1"]
[SourceVersionDate "2004.11.15"]
[SourceQuality "1"]

1. e4 c6 2. Nc3 d5 3. exd5 cxd5 4. d4 Nc6 5. Bb5 Nf6 6. Nf3 Bd7 7. 0-0 e6 8. Be3 Bd6 9. Qd3 0-0 10. a3 Qc7 11. Bg5 Be7 12. Rfe1 h6 13. Bh4 a6 14. Bg3 Bd6 15. Bxc6 Bxc6 16. Bxd6 Qxd6 17. Ne5 Rac8 18. Qg3 Rc7 19. Ng4 Qxg3 20. Nxf6+ gxf6 21. hxg3 Re8 22. Re3 e5 23. Rae1 Rce7 24. f4 e4 25. g4 Kh7 26. a4 Rg8 27. b4 b5 28. axb5 axb5 29. Ra1 Rxg4 30. Ra6 Rc7 31. g3 f5 32. Kh2 Rg6 33. Rb6 Be8 34. Rxg6 fxg6 35. Nxd5 Rxc2+ 36. Kg1 Bf7 37. Nc3 Bc4 38. g4 Bd3 39. Nd5 Rc4 40. gxf5 gxf5 41. Ne7 Rxd4 42. Nxf5 Rxb4 43. Rg3 Rb1+ 44. Kh2 b4 45. Rg7+ Kh8 46. Rb7 b3 47. Nd4 b2 48. Kg3 e3 49. Kg4 e2 50. Nf3 Rd1 0-1